Význam a možnosti znižovania nákladov v podniku diplomová práca

Saved in:
Bibliographic Details
Main Author: Brlejová, Lucia
Corporate Author: Ekonomická univerzita v Bratislave. Fakulta podnikového manažmentu
Other Authors: Tóth, Miroslav, 1961-
Format: Book
Language:Slovak
Published: Bratislava 2010
Tags: Add Tag
No Tags, Be the first to tag this record!

MARC

LEADER 00000nam a2200000 4500
001 0122129
005 20240318123916.5
041 0 |a slo 
044 |a SK 
245 1 0 |a Význam a možnosti znižovania nákladov v podniku  |b diplomová práca  |c Lucia Brlejová ; škol. Miroslav Tóth 
264 1 |a Bratislava  |c 2010 
300 |a 66 s. 
100 1 |a Brlejová, Lucia 
700 1 |a Tóth, Miroslav, 1961- 
710 2 |a Ekonomická univerzita v Bratislave. Fakulta podnikového manažmentu